| 000 | 00633nam a2200181 a 4500 | ||
|---|---|---|---|
| 005 | 20210219153354.0 | ||
| 008 | 991125n 000 0 u | ||
| 035 | _aUPN01000094705 | ||
| 222 |
_aEDUCACION : _bREVISTA DEL CONSEJO NACIONAL TECNICO DE LA EDUCACION |
||
| 245 | _aPropiciaron los CETES reuniones pedagógicas regionales en 20 entidades federativas con más de 43 mil mentores : Consejos Estatales Técnicos de la Educación | ||
| 300 | _a115-116 | ||
| 362 | _a1987-1988 5a época, vol. 9, no. 44, dic.-feb. | ||
| 653 | 0 | _aCETES | |
| 653 | 0 | _aCNTE | |
| 653 | 0 | _aMAESTROS | |
| 904 |
_aAC _b032516 |
||
| 905 | _aArticulo | ||
| 999 |
_c75224 _d75224 |
||